000
00335nam a22001457a 4500
008
221109b ||||| |||| 00| 0 eng d
020
_a
9780133657166
041
_a
eng
080
_2
15TH ANNIVERSARY EDITION
_a
94
082
_a
94 WIL
100
_a
28
101
_a
HIS
245
_a
EYES ON THE PRIZE
_c
WILLIAMS J
942
_2
udc
_c
BK
999
_c
58829
_d
58829